Diferentes (Record no. 4672)

MARC details
000 -CABECERA
campo de control de longitud fija 03263nam a22002297a 4500
008 - DATOS DE LONGITUD FIJA--INFORMACIÓN GENERAL
campo de control de longitud fija 250516b |||||||| |||| 00| 0 eng d
020 ## - NÚMERO INTERNACIONAL ESTÁNDAR DEL LIBRO
Número Internacional Estándar del Libro 9788411071574
040 ## - FUENTE DE LA CATALOGACIÓN
Centro/agencia transcriptor tbs
041 ## - CÓDIGO DE LENGUA
Código de lengua del texto/banda sonora o título independiente spa
041 ## - CÓDIGO DE LENGUA
Código de lengua original eng
050 ## - SIGNATURA TOPOGRÁFICA DE LA BIBLIOTECA DEL CONGRESO
Número de clasificación QP81.5
Número de documento/Ítem .W33 2022
100 ## - ENTRADA PRINCIPAL--NOMBRE DE PERSONA
Nombre de persona Waal, F. B. M. de
Forma completa/desarrollada del nombre Frans B. M.
Fechas asociadas al nombre 1948-
9 (RLIN) 25249
Término indicativo de función/relación author,
-- illustrator
245 ## - MENCIÓN DE TÍTULO
Título Diferentes
Resto del título : lo que los primates nos enseñan sobre el género
Mención de responsabilidad, etc. / Frans de Waal with drawings and photographs by the author ; translated by Ambrosio Garcóa Leal.
260 ## - PUBLICACIÓN, DISTRIBUCIÓN, ETC.
Lugar de publicación, distribución, etc. Barcelona :
Nombre del editor, distribuidor, etc. Tusquets Editores,
Fecha de publicación, distribución, etc. 2022.
300 ## - DESCRIPCIÓN FÍSICA
Extensión 440 pages : 12 unnumbered pages of plates :
Otras características físicas illustrations (black and white) ;
Dimensiones 25 cm.
520 ## - SUMARIO, ETC.
Sumario, etc. Lo que el reino animal nos enseña sobre el sexo, el género y las relaciones humanas<br/>El gran estudioso de los primates Frans de Waal aborda enDiferentes la actual y debatida prevalencia del género (la división cultural entre lo masculino y lo femenino) sobre el sexo (la división biológica entre machos y hembras). Explora también los condicionantes tanto genéticos como culturales que subyacen a la conducta humana y a las diferencias respecto a la agresividad, la cooperación o la competencia entre machos y hembras de chimpancés y bonobos, y su reflejo en las relaciones de hombres y mujeres. Rebatiendo las teorías que postulan que toda conducta viene dictada por la herencia genética, el autor subraya lo que monos y primates pueden enseñarnos acerca de la identidad y la actividad sexual. Es hora de abandonar mitos como el de la mayor impulsividad sexual masculina frente a la femenina o los referidos a la homosexualidad (presente en más de cuatrocientas especies animales) o el mundo trans (una condición que también existe en el reino animal). De Waal ilustra sus a menudo polémicos argumentos con deliciosas historias anécdotas sobre los animales que ha estudiado a lo largo de su dilatada carrera.
520 ## - SUMARIO, ETC.
Sumario, etc. What the Animal Kingdom Teaches Us About Sex, Gender, and Human Relationships<br/><br/>Renowned primatologist Frans de Waal explores in Different the current and hotly debated prominence of gender (the cultural distinction between masculine and feminine) over sex (the biological distinction between male and female). He also examines the genetic and cultural factors that underlie human behavior and the differences in aggression, cooperation, and competition between male and female chimpanzees and bonobos—and how these are reflected in the relationships between men and women.<br/><br/>Challenging theories that claim all behavior is dictated by genetic inheritance, de Waal emphasizes what monkeys and other primates can teach us about identity and sexual behavior. It’s time to move past myths such as men being inherently more sexually impulsive than women, or misconceptions about homosexuality (which exists in over four hundred animal species) and the trans experience (a condition also found in the animal kingdom).<br/><br/>De Waal supports his often provocative arguments with charming stories and anecdotes drawn from the animals he has studied throughout his long and distinguished career.
650 #0 - PUNTO DE ACCESO ADICIONAL DE MATERIA--TÉRMINO DE MATERIA
Término de materia o nombre geográfico como elemento de entrada Sex differences
9 (RLIN) 7349
650 #0 - PUNTO DE ACCESO ADICIONAL DE MATERIA--TÉRMINO DE MATERIA
Término de materia o nombre geográfico como elemento de entrada Sexual dimorphism (Animals)
9 (RLIN) 25250
650 #0 - PUNTO DE ACCESO ADICIONAL DE MATERIA--TÉRMINO DE MATERIA
Término de materia o nombre geográfico como elemento de entrada Sexual behavior in animals
9 (RLIN) 25251
942 ## - ELEMENTOS DE ENTRADA AGREGADA (KOHA)
Fuente del sistema de clasificación o colocación Clasificación de Library of Congress
Holdings
Estado de retiro Estado de pérdida Fuente del sistema de clasificación o colocación Estado dañado No para préstamo Biblioteca de origen Biblioteca actual Fecha de adquisición Total de préstamos Signatura topográfica completa Código de barras Fecha visto por última vez Número de copia Precio válido a partir de Tipo de ítem Koha
    Clasificación de Library of Congress     TBS Barcelona TBS Barcelona 16/05/2025   QP81.5 WAA B05770 16/05/2025 1 16/05/2025 Book

Powered by Koha